Differential geometry of curves and surfaces

Guardat en:
Dades bibliogràfiques
Autor principal: Carmo, Manfredo do (Autor)
Format: Llibre
Idioma:anglès
Publicat: Englewood Cliffs Prentice Hall 1976
Matèries:
Etiquetes: Afegir etiqueta
Sense etiquetes, Sigues el primer a etiquetar aquest registre!

MARC

LEADER 00000nam a2200000 a 4500
001 UCW9742
003 CL-VaPUC
008 890614e19760000US |||||||||||||||||eng|d
020 |a 0132125897 
082 0 4 |a 516.36  |b CAR  |2 21 
100 |a Carmo, Manfredo do  |e author  |9 424294 
245 1 0 |a Differential geometry of curves and surfaces 
300 |a 503 p 
942 |c BK 
945 |d 19890614 00:00:00 
260 |a Englewood Cliffs  |b Prentice Hall  |c 1976 
650 0 |a Geometría diferencial   |9 315147 
650 0 |a Curvas  |9 315148 
650 7 |a SUPERFICIES  |2 CL-VaPUC  |9 265869 
583 |a last modification  |c 20120703 10:20:49  |k Rodrigo Vera 
999 |c 221641  |d 221639 
952 |0 0  |1 0  |4 0  |6 516_360000000000000_CAR_1976  |7 0  |8 A  |9 215334  |a BIBCUR  |b BIBCUR  |d 2019-11-15  |i 2837471  |l 9  |m 9  |o 516.36 CAR 1976  |p 2837471  |r 2025-04-22  |s 2025-03-14  |w 2019-11-15  |y BK  |k FIS